Fast Typing - Months Of The Year (Backwards) - Statistics

General Stats
  • This quiz has been taken 54 times
  • The average score is 8 of 12
Answer Stats
Answer % Correct
December
100%
November
79%
October
71%
September
71%
August
64%
July
64%
June
64%
May
64%
April
57%
March
57%
February
50%
January
43%
No matching quizzes found
Score Distribution
Percent of People with Each Score
Percentile by Number Answered
Your Score History
You have not taken this quiz